| 000 | 00714cam a2200229 a 4500 | ||
|---|---|---|---|
| 001 | 12655481 | ||
| 005 | 20241211161006.0 | ||
| 008 | 020124s2003 njua b 001 0 eng | ||
| 020 | _a0130423998 (alk. paper) | ||
| 050 | 0 | 0 |
_aLB14.7 _b.O96 2003 |
| 082 | 0 | 0 |
_a370/.1 _221 |
| 100 | 1 | _aOzmon, Howard. | |
| 245 | 1 | 0 |
_aPhilosophical foundations of education / _cHoward A. Ozmon, Samuel M. Craver. |
| 250 | _a7th ed. | ||
| 260 |
_aUpper Saddle River, N.J. : _bMerrill, _cc2003. |
||
| 300 |
_ax, 390 p. : _bill. ; _c24 cm. |
||
| 650 | 0 |
_aEducation _xPhilosophy _xHistory. |
|
| 650 | 0 |
_aEducation _xAims and objectives. |
|
| 650 | 0 |
_aEducation _xStudy and teaching. |
|
| 700 | 1 | _aCraver, Samuel M. | |
| 942 |
_2lcc _cBK _n0 |
||
| 999 |
_c2070 _d2070 |
||